000 00223nam a2200097Ia 4500
008 190216s9999||||xx |||||||||||||| ||und||
100 _aSethunath
245 0 _aBharyamar Kathaprayunnu
260 _bCurrent Books
942 _cBK
999 _c23661
_d23661